An introduction to African pastureland production : with special reference to farm and rangeland environments of Eastern Africa /

Bibliographic Details
Main Author: Strange, L. R. N.
Format: Book
Language:English
Published: Rome : Food and Agriculture Organization of the United Nations, 1980.
Series:FAO pasture and fodder crop studies ; no. 6.
Subjects:

MARC

Tag First Indicator Second Indicator Subfields
LEADER 00000cam a2200000 a 4500
001 in00000098029
005 20150924085503.0
008 820804s1980 it a b i00010 eng
010 |a  81190258  
015 |a It*** 
020 |a 9251008728 (pbk.) 
035 |a (OCoLC)07599199 
035 |9 AAK9392AM 
039 0 |a 2  |b 3  |c 3  |d 3  |e 3 
040 |a DLC  |c DLC  |d TXA  |d UtOrBLW 
043 |a fe----- 
049 |a TXAM  |c [1197332] 
050 0 0 |a SB193.3.A42  |b  S87 
082 0 |a 633.2/02/09676  |2 19 
100 1 |a Strange, L. R. N. 
245 1 3 |a An introduction to African pastureland production :  |b with special reference to farm and rangeland environments of Eastern Africa /  |c  L.R.N. Strange. 
264 1 |a Rome :  |b Food and Agriculture Organization of the United Nations,  |c 1980. 
300 |a xii, 192 pages :  |b illustrations ;  |c 28 cm. 
336 |a text  |b txt  |2 rdacontent 
337 |a unmediated  |b n  |2 rdamedia 
338 |a volume  |b nc  |2 rdacarrier 
490 1 |a FAO pasture and fodder crop studies ;  |v no. 6 
504 |a Bibliography: pages 163-164. 
650 0 |a Pastures  |z Africa, Eastern. 
650 0 |a Rangelands  |z Africa, Eastern. 
830 0 |a FAO pasture and fodder crop studies ;  |v no. 6. 
999 |a MARS 
999 f f |s 7b240929-83d3-3b95-b10a-be7798b10610  |i a618a394-b6d7-327b-8028-a15618219ec0  |t 0 
952 f f |p normal  |a Texas A&M University  |b College Station  |c Sterling C. Evans Library  |d Evans: Library Stacks  |t 0  |e SB193.3.A42 S87  |h Library of Congress classification  |i unmediated -- volume  |m A14806021815 
998 f f |a SB193.3.A42 S87  |t 0  |l Evans: Library Stacks